LEADER 01003nam0 22003011i 450 001 990001358730403321 010 $a0-7923-4054-X 035 $a000135873 035 $aFED01000135873 035 $a(Aleph)000135873FED01 035 $a000135873 100 $a20000920d1996----km-y0itay50------ba 101 0 $aeng 200 1 $aSolar and Astrophysical Magnetohydrodynamic Flows$eProceedings of the NATO Advanced Study Institute , Heraklion, Crete, Greece June 11-23, 1995$fEdited by Kanaris C. Tsiganos 210 $aDordrecht [etc.]$cKluwer$d1996 215 $axxi, 742 p.$d24 cm 225 1 $aNATO ASI series$hSeries C$iMathematical and physical sciences$v481 610 0 $aAstronomia 610 0 $aAstrofisica 610 0 $aCosmologia 676 $a520$a523 700 1$aTsinganos,$bKanaris C.$061359 801 0$aIT$bUNINA$gRICA$2UNIMARC 901 $aBK 912 $a990001358730403321 996 $aSolar and Astrophysical Magnetohydrodynamic Flows$9375124 997 $aUNINA DB $aING01 LEADER 01721nmm a2200301 i 4500 001 991003686609707536 007 cr cn ---mpcbr 008 190724s1969 de | o j |||| 0|ger d 020 $a9783540046301 035 $ab14371455-39ule_inst 040 $aBibl. Dip.le Aggr. Matematica e Fisica - Sez. Matematica$beng 082 04$a514.2 084 $aAMS 57N65 100 1 $aMayer, K. H.$0441642 245 10$aRelationen zwischen charakteristischen Zahlen$h[e-book] /$cvon K. H. Mayer 260 $aBerlin :$bSpringer,$c1969 300 $a1 online resource 490 1 $aLecture Notes in Mathematics,$x0075-8434 ;$v111 505 0 $aBordismusgruppen -- Vorbereitungen und Bezeichnungen -- Komplexe Vektorraumbündel über schwach fast-komplexen und orientierten Mannigfaltigkeiten -- Exakte Sequenzen zur Bestimmung von ? * SU (X) -- Die Definition von W(X) -- Identifikation von W(X) -- Die Homologie von W(BU(1)) -- Die Torsion von ? * SU (BU(1)) -- Die Relationen zwischen den charakteristischen Zahlen einer SU-Mannigfaltigkeit und eines U(k)-Bündels -- Ein Ergebnis für ? 8n+4 Spin (BSO(2k+1)) -- Reelle Vektorraumbündel über schwach fast-komplexen und orientierten Mannigfaltigkeiten -- Reelle Vektorraumbündel über SU-Mannigfaltigkeiten. 650 0$aAlgebraic topology of manifolds 773 0 $aSpringer eBooks 776 08$iPrinted edition:$z9783540046301 856 40$zAn electronic book accessible through the World Wide Web$uhttps://link.springer.com/book/10.1007/BFb0060159 907 $a.b14371455$b03-03-22$c24-07-19 912 $a991003686609707536 996 $aRelationen zwischen charakteristischen zahlen$980472 997 $aUNISALENTO 998 $ale013$b24-07-19$cm$d@ $e-$fger$gde $h0$i0